| 000 | 00677nam a2200121Ia 4500 | ||
|---|---|---|---|
| 008 | 220615s9999||||xx |||||||||||||| ||und|| | ||
| 100 | _aRahman, Moksadur||Fentaye, Amare Desalegn||Zaccaria, Valentina||Aslanidou, Ioanna||Dahlquist, Erik||Kyprianidis, Konstantinos | ||
| 245 | 0 | _aChapter A Framework for Learning System for Complex Industrial Processes | |
| 546 | _aEnglish[eng] | ||
| 650 | _alearning system, soft-sensors, model predictive control, fault detection, isolation and identification, information fusion | ||
| 856 | _uhttps://library.oapen.org/bitstream/20.500.12657/49383/1/74393.pdf||https://library.oapen.org/bitstream/20.500.12657/49383/1/74393.pdf | ||
| 942 | _cEB | ||
| 999 |
_c12264 _d12264 |
||